Derecho constitucional (Registro nro. 682)
[ vista simple ]
| 000 -LEADER | |
|---|---|
| fixed length control field | 01830 a2200229 4500 |
| 001 - CONTROL NUMBER | |
| control field | 16010 |
| 005 - DATE AND TIME OF LATEST TRANSACTION | |
| control field | 20260407155453.0 |
| 008 - FIXED-LENGTH DATA ELEMENTS--GENERAL INFORMATION | |
| fixed length control field | 260407a1993 arg spa d |
| 003 - CONTROL NUMBER IDENTIFIER | |
| control field | AR-UNSa-BCEJYS |
| 040 ## - CATALOGING SOURCE | |
| Original cataloging agency | AR-UNSa-BCEJYS |
| Language of cataloging | spa |
| Transcribing agency | AR-UNSa-BCEJYS |
| 080 ## - UNIVERSAL DECIMAL CLASSIFICATION NUMBER | |
| Universal Decimal Classification number | 342 |
| Common auxiliary subdivision | Derecho constitucional (Derecho Público) |
| 020 ## - INTERNATIONAL STANDARD BOOK NUMBER | |
| International Standard Book Number | 980-14-0683-0 |
| 100 1# - MAIN ENTRY--PERSONAL NAME | |
| Personal name | Quiroga Lavié, Humberto |
| 245 10 - TITLE STATEMENT | |
| Title | Derecho constitucional |
| 250 ## - EDITION STATEMENT | |
| Edition statement | 3a. ed. |
| 264 #1 - PRODUCTION, PUBLICATION, DISTRIBUTION, MANUFACTURE, AND COPYRIGHT NOTICE | |
| Place of production, publication, distribution, manufacture | Buenos Aires : |
| Name of producer, publisher, distributor, manufacturer | Ediciones Depalma |
| Date of production, publication, distribution, manufacture, or copyright notice | 1993 |
| 300 ## - PHYSICAL DESCRIPTION | |
| Extent | xxv, 1067 p. |
| Dimensions | 23 cm. |
| 505 ## - FORMATTED CONTENTS NOTE | |
| Formatted contents note | I. Elementos de la teoría constitucional: 1. Constitución. Derecho Constitucional. Ciencia constitucional y teoría constitucional - 2. Tipología y clasificación de las constituciones - 3. El poder constituyente - 4. La Constitución argentina y la teoría constitucional -- II. La estructura constitucional positiva del Estado: La estructura normativa constitucional: 1. Principios generales - 2. Los actos jurídicos constitucionales - 3. Los derechos constitucionales - 4. Los deberes públicos subjetivos - La estructura de los principios constitucionales: 1. Clasificación de los principios constitucionales - 2. El principio de limitación - 3. El principio de funcionalidad - 4. El principio de supremacía - 5. El subprincipio de unidad - 6. El subprincipio de razonabilidad: el debido proceso legal - 7. El subprincipio de control - 8. El principio de estabilidad -- La estructura orgánica constitucional: 1. La estructura federal - 2. Las provincias - 3. El Poder Legislativo - 4. El Poder Ejecutivo - 5. El Poder Judicial -- La realidad constitucional al margen de la vigencia de su estructura normativa |
| 590 ## - LOCAL NOTE (RLIN) | |
| Local note | niveau_biblio:m niveau_hierar:0 |
| 856 41 - ELECTRONIC LOCATION AND ACCESS | |
| Uniform Resource Identifier | <a href="https://biblioeco.unsa.edu.ar/pmb/images/libros/L70170.jpg">https://biblioeco.unsa.edu.ar/pmb/images/libros/L70170.jpg</a> |
| Link text | Imagen de portada |
| Electronic format type | image/jpeg |
| 942 ## - ADDED ENTRY ELEMENTS (KOHA) | |
| Koha item type | |
| Withdrawn status | Lost status | Damaged status | Not for loan | Home library | Current library | Shelving location | Date acquired | Total checkouts | Full call number | Barcode | Date last seen | Price effective from | Koha item type | Public note |
|---|---|---|---|---|---|---|---|---|---|---|---|---|---|---|
| Biblioteca Prof. Eusebio Cleto del Rey | Biblioteca Prof. Eusebio Cleto del Rey | 07/04/2026 | 342 Q8d 3ed. | L70170 | 07/04/2026 | 07/04/2026 | Libro | |||||||
| Biblioteca Prof. Eusebio Cleto del Rey | Biblioteca Prof. Eusebio Cleto del Rey | 07/04/2026 | 342 Q8d 3ed. | L70171 | 07/04/2026 | 07/04/2026 | Libro | FOTOCOPIA EN PÁG 824 Y 825 - HÚMEDO - LÁPIZ | ||||||
| Biblioteca Prof. Eusebio Cleto del Rey | Biblioteca Prof. Eusebio Cleto del Rey | 07/04/2026 | 342 Q8d 3ed. | L85252 | 07/04/2026 | 07/04/2026 | Libro |